| 000 | 01112cam a22003377a 4500 | ||
|---|---|---|---|
| 003 | CHAP | ||
| 005 | 20220329140721.0 | ||
| 008 | 971013s1979 r 00010 d | ||
| 010 | _a56457 | ||
| 011 | _a57429 | ||
| 035 | _a61584 | ||
| 040 | _cCHAP | ||
| 090 | _aFolleto 6205 | ||
| 100 | 0 | 0 |
_aSimpson, Beryl B. _9106496 |
| 245 | 1 | 2 | _aA revision of the genus Polylepis (Rosacea Sanguisorbeae) |
| 260 |
_aWashington : _bSmithsonian Institution, _c1979 |
||
| 300 |
_a62 p. _b: ilus. |
||
| 490 | 0 |
_aSmithsonian contributions to botany _v; 43 |
|
| 590 |
_aBATCH-UPD _b10 _c20130110 _lUCH01 _h0637 |
||
| 590 |
_aBATCH-UPD _b10 _c20130410 _lUCH01 _h0321 |
||
| 590 |
_aBATCH-UPD _b10 _c20130914 _lUCH01 _h1847 |
||
| 590 |
_aCONVERSION _b10 _c20130109 _lUCH01 _h1330 |
||
| 650 | 1 | 4 |
_aÁrboles tropicales. _982448 |
| 650 | 1 | 4 |
_aArbustos _xAmerica Latina. _96715 |
| 650 | 1 | 4 |
_aPolylepis. _990739 |
| 830 | 0 |
_aSmithsonian contributions to botany _v; 43 _9107168 |
|
| 901 | _aBK | ||
| 942 | _cFOLL | ||
| 949 |
_aFolleto 6205 _bBC _cFOLL _d-132260 _eTS1 _i61584 _si |
||
| 949 |
_aFolleto 6205 _bBC _cFOLL _d-132263 _eTS2 _fc.2 _i61584 _si |
||
| 999 |
_c56457 _d56457 |
||